[Event "Agora Vai"]
[Site "http://www.queenalice.com/game.php?id=156840"]
[Date "2007.1.20"]
[Round "-"]
[White "jeffers"]
[Black "XtremeLM"]
[Result "0-1"]
[WhiteElo "1323"]
[BlackElo "1597"]

1. c4 e5 2. g3 d5 3. e3 d4 4. Nf3 e4 5. Nxd4 Bc5 6. Nb3 Bb4 7. a3 Bd6 8. Nc3 Nf6
9. h3 O-O 10. g4 Nc6 11. g5 Ne8 12. Nxe4 f6 13. c5 Be7 14. d4 fxg5 15. a4 Nf6
16. Bg2 Nxe4 17. Bxe4 g4 18. hxg4 Bg5 19. Bxc6 Qf6 20. Be4 Qxf2# 0-1

[Event "Agora Sim"]
[Site "http://www.queenalice.com/game.php?id=156905"]
[Date "2007.1.21"]
[Round "-"]
[White "jeffers"]
[Black "XtremeLM"]
[Result "0-1"]
[WhiteElo "1229"]
[BlackElo "1604"]

1. e4 c6 2. c4 d5 3. d3 e5 4. Nf3 Bd6 5. exd5 cxd5 6. cxd5 Bb4+ 7. Ke2 Qxd5 8.
a3 Bc5 9. Nc3 Qc6 10. Nxe5 Qe6 11. f4 f6 12. Ne4 Bd4 13. Nf3 Qg4 14. h3 Qd7 15.
b4 Bxa1 16. d4 Qb5+ 17. Kf2 Qd5 18. Bd3 Nc6 19. Bd2 Bxd4+ 20. Nxd4 Qxd4+ 21. Ke2
b6 22. Qc1 Bb7 23. b5 Rd8 24. Qc2 f5 25. Nf2 Qd5 26. bxc6 Bxc6 27. g4 Qe6+ 28.
Kd1 Bxh1 29. Nxh1 fxg4 30. hxg4 Qxg4+ 31. Be2 Qg1+ 32. Bf1 Qxf1# 0-1

[Event "Challenge"]
[Site "http://www.queenalice.com/game.php?id=158968"]
[Date "2007.1.25"]
[Round "-"]
[White "Frost"]
[Black "jeffers"]
[Result "1-0"]
[WhiteElo "1280"]
[BlackElo "1226"]

1. c4 f5 2. a4 b6 3. b3 e6 4. d4 g6 5. e3 Bb4+ 6. Nd2 h6 7. f4 h5 8. d5 d6 9.
dxe6 Bxe6 10. Ba3 Ba5 11. b4 Bxb4 12. Bxb4 a5 13. Bc3 Rh7 14. c5 bxc5 15. Bb5+
c6 16. Bc4 d5 17. Ba2 c4 18. Ngf3 Qb6 19. Rb1 Qxe3+ 20. Kf1 Qxc3 21. Ng5 Qa3 22.
Qc2 Qd6 23. g3 Raa7 24. Re1 h4 25. Rxe6+ Kd7 26. Rxd6+ Kxd6 27. Qb1 Nd7 28. Nxh7
Nc5 29. Nf8 c3 30. Nb3 Nxa4 31. gxh4 Ra8 32. Nxg6 c5 33. Ne5 c4 34. Nf7+ Ke7 35.
Qxf5 cxb3 36. Bxb3 Nb2 37. Bxd5 Rb8 38. Rg1 1-0

[Event "Challenge"]
[Site "http://www.queenalice.com/game.php?id=159909"]
[Date "2007.1.27"]
[Round "-"]
[White "fabianocsk"]
[Black "jeffers"]
[Result "1-0"]
[WhiteElo "1018"]
[BlackElo "1202"]

1. Nc3 c5 2. Nf3 Nf6 3. d3 d6 4. a3 h6 5. h4 b6 6. e4 a6 7. d4 cxd4 8. Nxd4 b5
9. a4 b4 10. Na2 Nxe4 11. Nxb4 a5 12. Nd5 e6 13. Bb5+ Bd7 14. Bg5 hxg5 15. f3
Nc5 16. b4 axb4 17. Rb1 exd5 18. Rxb4 gxh4 19. Qe2+ Be7 20. g3 g5 21. gxh4 gxh4
22. Qg2 h3 23. Qg7 Rf8 24. Rg1 Bf6 25. Qh6 Bg5 26. Rxg5 f6 27. Rg7 Ne6 28. Nxe6
Qc8 29. Nxf8 1-0

[Event "segunda"]
[Site "http://www.queenalice.com/game.php?id=165511"]
[Date "2007.2.8"]
[Round "-"]
[White "reginatto"]
[Black "jeffers"]
[Result "1-0"]
[WhiteElo "1371"]
[BlackElo "1212"]

1. e4 e5 2. Na3 Nc6 3. d3 Nf6 4. Nh3 g6 5. Nc4 b5 6. Nxe5 Nxe5 7. Bg5 a6 8. f3
h6 9. Bf4 g5 10. Bxe5 d6 11. Bxf6 Qxf6 12. c3 1-0

[Event "vamo de novo"]
[Site "http://www.queenalice.com/game.php?id=166716"]
[Date "2007.2.10"]
[Round "-"]
[White "Nascimento"]
[Black "jeffers"]
[Result "1-0"]
[WhiteElo "1220"]
[BlackElo "1179"]

1. e4 c5 2. f4 a6 3. h3 Nf6 4. d3 Nc6 5. c4 h5 6. g4 h4 7. Nf3 e6 8. Qe2 g6 9.
Qf2 d6 10. Nxh4 e5 11. Be2 exf4 12. Ng2 g5 13. h4 gxh4 14. Nxh4 Bh6 15. Nf5 Qa5+
16. Bd2 Qb6 17. b3 a5 18. Nxd6+ Kd7 19. Nxf7 Rg8 20. Nxh6 Kd8 21. Nxg8 Nxg8 22.
Qh4+ Nge7 23. Bxf4 1-0

[Event "Desafio"]
[Site "http://www.queenalice.com/game.php?id=166894"]
[Date "2007.2.10"]
[Round "-"]
[White "jeffers"]
[Black "Franz"]
[Result "1-0"]
[WhiteElo "1208"]
[BlackElo "1422"]

1. c4 c5 2. Nf3 Nf6 3. Nc3 d6 4. h3 e5 5. a3 h6 6. a4 a6 7. e3 Bf5 8. Qb3 Qc8 9.
e4 Nxe4 10. g4 Bh7 11. d3 Nxc3 12. Qxc3 e4 13. g5 Qf5 14. b3 1-0

[Event "Challenge"]
[Site "http://www.queenalice.com/game.php?id=343637"]
[Date "2008.1.27"]
[Round "-"]
[White "jeffers"]
[Black "fabriciosousa"]
[Result "0-1"]
[WhiteElo "1145"]
[BlackElo "1904"]

1. e4 c5 2. Qf3 Nc6 3. Bc4 Nf6 4. b3 Ne5 5. Qe2 Nxc4 6. Qxc4 d6 7. Nf3 g6 8.
Qb5+ Nd7 9. c4 Bg7 10. Nc3 O-O 11. d3 Bxc3+ 12. Bd2 Bxa1 13. Ke2 Bg7 14. g4 Ne5
15. Ba5 Qd7 16. Ng5 Qxg4+ 17. Kf1 Qxg5 0-1

[Event "Challenge"]
[Site "http://www.queenalice.com/game.php?id=343734"]
[Date "2008.1.27"]
[Round "-"]
[White "jeffers"]
[Black "Nelson"]
[Result "0-1"]
[WhiteElo "1149"]
[BlackElo "2236"]

1. e3 e5 2. Qf3 Nc6 3. Bc4 Nf6 4. e4 Nd4 5. Qc3 Bc5 6. d3 Ng4 7. Nf3 Qf6 8. Bg5
Nxf3+ 9. gxf3 Bxf2+ 10. Ke2 Qxg5 11. fxg4 Bd4 12. Rg1 Qe3+ 13. Kd1 Bxc3 14. bxc3
Qxg1+ 15. Kd2 Qxh2+ 0-1

[Event "AUTO-OPEN-2506"]
[Site "http://www.queenalice.com/game.php?id=995023"]
[Date "2011.10.8"]
[Round "1"]
[White "hugo2011"]
[Black "jeffers"]
[Result "1-0"]
[WhiteElo "1595"]
[BlackElo "1146"]

1. e4 Nf6 2. Nc3 h5 3. Nf3 a6 4. d4 d6 5. Bg5 b5 6. Bxf6 exf6 7. d5 b4 8. Na4 g6
9. Bc4 Qd7 10. c3 Qg4 11. O-O Qxe4 12. Re1 Qe7 13. Rxe7+ Bxe7 14. Qe2 c5 15.
cxb4 cxb4 16. Nb6 Bb7 17. Nxa8 Bxa8 18. h4 f5 19. Re1 Kf8 20. Qxe7+ Kg7 21. Qxd6
Bb7 22. Qe5+ f6 23. Qe7+ Kh6 24. Qxf6 Rc8 25. Qg5+ Kg7 26. Re7+ Kh8 27. Qf6+ Kg8
28. Qg7# 1-0

[Event "AUTO-OPEN-2506"]
[Site "http://www.queenalice.com/game.php?id=995024"]
[Date "2011.10.8"]
[Round "1"]
[White "jeffers"]
[Black "hugo2011"]
[Result "0-1"]
[WhiteElo "1146"]
[BlackElo "1608"]

1. c4 e5 2. Nf3 d6 3. d3 Nc6 4. h3 Nf6 5. b3 e4 6. dxe4 Nxe4 7. g4 f5 8. gxf5
Bxf5 9. Na3 Nc3 10. Qd2 Ne4 11. Qd3 Nb4 12. Qd1 Nc3 13. Bg5 Qd7 14. Qc1 Ne4 15.
Nd4 Nxg5 16. Qxg5 Be4 17. f3 Be7 18. Qxg7 Bh4+ 19. Kd1 Qxg7 20. e3 Bd3 21. Kd2
Bxf1 22. Kc3 c5 23. Rhxf1 Qe5 24. Kd2 Qh2+ 25. Ne2 Qxh3 26. Nb5 Rd8 27. a3 Nc6
28. Rh1 Qxf3 29. Rxh4 O-O 30. Rg1+ Kh8 31. Nbc3 Na5 32. Rb1 Rde8 33. Rhh1 Qxe3+
34. Kc2 Rf2 35. b4 Rxe2+ 36. Nxe2 Qxe2+ 37. Kc1 Qxc4+ 38. Kd2 Re2+ 39. Kd1 Qc2#
0-1

[Event "AUTO-OPEN-2506"]
[Site "http://www.queenalice.com/game.php?id=995051"]
[Date "2011.10.8"]
[Round "1"]
[White "sia"]
[Black "jeffers"]
[Result "1-0"]
[WhiteElo "2093"]
[BlackElo "1142"]

1. b3 g6 2. Bb2 f6 3. g3 Nc6 4. Bg2 Ne5 5. Bxe5 fxe5 6. e3 d6 7. Ne2 h5 8. h4 b6
9. Bxa8 Bd7 10. Bg2 e6 11. Nbc3 b5 12. O-O g5 13. hxg5 Qxg5 14. Ne4 Qh6 15. d4
h4 16. dxe5 hxg3 17. fxg3 d5 18. Nf6+ Nxf6 19. exf6 Kd8 20. Qd4 Ke8 21. Qxa7 Kf7
22. Qxc7 Qh2+ 23. Kf2 Rh7 24. Qxd7+ Kg8 25. Qxe6+ Rf7 26. Rh1 Qxh1 27. Rxh1 Bc5
28. Bxd5 Bxe3+ 29. Kxe3 Kf8 30. Qxf7# 1-0

[Event "AUTO-OPEN-2506"]
[Site "http://www.queenalice.com/game.php?id=995052"]
[Date "2011.10.8"]
[Round "1"]
[White "jeffers"]
[Black "sia"]
[Result "0-1"]
[WhiteElo "1140"]
[BlackElo "2116"]

1. Nf3 g6 2. b3 Bg7 3. d4 d6 4. a4 Bd7 5. e3 Nf6 6. Bd3 c6 7. Nc3 O-O 8. h3 a6
9. h4 Bg4 10. a5 Nbd7 11. Ra4 c5 12. Qd2 Bxf3 13. gxf3 cxd4 14. exd4 Nh5 15. Rb4
Qxa5 16. Rxb7 Bxd4 17. b4 Qe5+ 18. Kd1 Bxc3 19. Qe2 Qxe2+ 20. Bxe2 Nhf6 21. Rh3
Rfb8 22. Rc7 Bxb4 23. f4 Bc5 24. f5 Bxf2 25. fxg6 hxg6 26. h5 Kg7 27. Rf3 Bc5
28. hxg6 fxg6 29. Rh3 Rb1 30. Rh1 Be3 31. Ke1 Rxc1+ 32. Bd1 Rb8 33. Rh3 Bc5 34.
Kd2 Rbb1 35. Rc8 Rxd1+ 36. Kc3 Nd5+ 0-1

[Event "AUTO-OPEN-2506"]
[Site "http://www.queenalice.com/game.php?id=995071"]
[Date "2011.10.8"]
[Round "1"]
[White "jeffers"]
[Black "ONIT91"]
[Result "0-1"]
[WhiteElo "1144"]
[BlackElo "1834"]

1. Nc3 g6 2. e4 Bg7 3. d4 Nc6 4. d5 Bxc3+ 5. bxc3 Na5 6. Qd4 f6 7. c4 c5 8. Qxc5
b6 9. Qd4 e5 10. Qe3 Ba6 11. c5 Bxf1 12. Kxf1 Nc4 13. Qb3 Na5 14. Qc3 Rc8 15.
Be3 d6 16. c6 Ne7 17. g4 g5 18. h4 h6 19. h5 Rc7 20. Qd3 Qc8 21. Rb1 Kf7 22. a3
Kg7 23. Ne2 Qb8 24. Qb5 Rf8 25. Nc3 Nc8 26. f4 exf4 27. Bd4 Ne7 28. Qb4 Qc8 29.
Nb5 Nexc6 30. Qxd6 Nxd4 31. c3 Nxb5 32. Rxb5 Rxc3 33. Qe7+ Rf7 34. Qb4 Rc1+ 35.
Kg2 Qxg4+ 36. Kh2 Qg3# 0-1

[Event "AUTO-OPEN-2506"]
[Site "http://www.queenalice.com/game.php?id=995072"]
[Date "2011.10.8"]
[Round "1"]
[White "ONIT91"]
[Black "jeffers"]
[Result "0-1"]
[WhiteElo "1758"]
[BlackElo "1116"]

1. c4 e6 2. Nc3 c6 3. e3 g6 4. Nge2 h5 5. g3 f5 6. Bg2 Qg5 7. d4 b6 8. e4 Qe7 9.
e5 Ba6 10. b3 h4 11. Nf4 Qf7 12. O-O hxg3 13. fxg3 Qh7 14. d5 Bc5+ 15. Kh1 Qxh2#
0-1